<?xml version="1.0" encoding="UTF-8"?>
<collection xmlns="http://www.loc.gov/MARC21/slim">
 <record>
  <leader>04130cam a2200553 cc4500</leader>
  <controlfield tag="001">1124578455</controlfield>
  <controlfield tag="003">DE-627</controlfield>
  <controlfield tag="005">20250528091248.0</controlfield>
  <controlfield tag="007">tu</controlfield>
  <controlfield tag="008">960927s1996    gw |||||      00| ||ger c</controlfield>
  <datafield tag="020" ind1=" " ind2=" ">
   <subfield code="a">3422030433</subfield>
  </datafield>
  <datafield tag="035" ind1=" " ind2=" ">
   <subfield code="a">(DE-627)1124578455</subfield>
  </datafield>
  <datafield tag="035" ind1=" " ind2=" ">
   <subfield code="a">(DE-576)054578450</subfield>
  </datafield>
  <datafield tag="035" ind1=" " ind2=" ">
   <subfield code="a">(DE-599)BSZ054578450</subfield>
  </datafield>
  <datafield tag="035" ind1=" " ind2=" ">
   <subfield code="a">(OCoLC)742261020</subfield>
  </datafield>
  <datafield tag="035" ind1=" " ind2=" ">
   <subfield code="a">(OCoLC)742261020</subfield>
  </datafield>
  <datafield tag="040" ind1=" " ind2=" ">
   <subfield code="a">DE-627</subfield>
   <subfield code="b">ger</subfield>
   <subfield code="c">DE-627</subfield>
   <subfield code="e">rda</subfield>
  </datafield>
  <datafield tag="041" ind1=" " ind2=" ">
   <subfield code="a">ger</subfield>
  </datafield>
  <datafield tag="044" ind1=" " ind2=" ">
   <subfield code="c">XA-DE</subfield>
  </datafield>
  <datafield tag="072" ind1=" " ind2="7">
   <subfield code="a">ARC000000</subfield>
   <subfield code="2">bisacsh</subfield>
  </datafield>
  <datafield tag="084" ind1=" " ind2=" ">
   <subfield code="a">LK 11240</subfield>
   <subfield code="2">rvk</subfield>
   <subfield code="0">(DE-625)rvk/97550:</subfield>
  </datafield>
  <datafield tag="084" ind1=" " ind2=" ">
   <subfield code="a">LH 10180</subfield>
   <subfield code="2">rvk</subfield>
   <subfield code="0">(DE-625)rvk/92209:</subfield>
  </datafield>
  <datafield tag="084" ind1=" " ind2=" ">
   <subfield code="a">LK 11000</subfield>
   <subfield code="2">rvk</subfield>
   <subfield code="0">(DE-625)rvk/97538:</subfield>
  </datafield>
  <datafield tag="100" ind1="1" ind2=" ">
   <subfield code="a">Bechter, Barbara</subfield>
   <subfield code="d">1962-</subfield>
   <subfield code="e">GeistigeR SchöpferIn</subfield>
   <subfield code="0">(DE-588)1046923897</subfield>
   <subfield code="0">(DE-627)777300338</subfield>
   <subfield code="0">(DE-576)173193269</subfield>
   <subfield code="4">cre</subfield>
  </datafield>
  <datafield tag="245" ind1="1" ind2="0">
   <subfield code="a">Handbuch der deutschen Kunstdenkmäler</subfield>
   <subfield code="p">Sachsen. - Neubearb. / bes. durch die Dehio-Vereinigung</subfield>
   <subfield code="n">1</subfield>
   <subfield code="p">Regierungsbezirk Dresden / bearbeitet von Barbara Bechter, Wiebke Fastenrath und anderen</subfield>
   <subfield code="c">Georg Dehio. Begründet vom Tag für Denkmalpflege, fortgeführt von Ernst Gall]</subfield>
  </datafield>
  <datafield tag="250" ind1=" " ind2=" ">
   <subfield code="a">Neubearbeitung</subfield>
  </datafield>
  <datafield tag="264" ind1=" " ind2="1">
   <subfield code="a">München</subfield>
   <subfield code="b">Deutscher Kunstverlag</subfield>
   <subfield code="c">1996</subfield>
  </datafield>
  <datafield tag="300" ind1=" " ind2=" ">
   <subfield code="a">XI, 934, 8 Seiten</subfield>
   <subfield code="b">Illustrationen, Karten</subfield>
   <subfield code="c">19 cm</subfield>
  </datafield>
  <datafield tag="336" ind1=" " ind2=" ">
   <subfield code="a">Text</subfield>
   <subfield code="b">txt</subfield>
   <subfield code="2">rdacontent</subfield>
  </datafield>
  <datafield tag="337" ind1=" " ind2=" ">
   <subfield code="a">ohne Hilfsmittel zu benutzen</subfield>
   <subfield code="b">n</subfield>
   <subfield code="2">rdamedia</subfield>
  </datafield>
  <datafield tag="338" ind1=" " ind2=" ">
   <subfield code="a">Band</subfield>
   <subfield code="b">nc</subfield>
   <subfield code="2">rdacarrier</subfield>
  </datafield>
  <datafield tag="583" ind1="1" ind2=" ">
   <subfield code="a">Archivierung/Langzeitarchivierung gewährleistet</subfield>
   <subfield code="c">20211025</subfield>
   <subfield code="f">SLG</subfield>
   <subfield code="x">XA-DE-BW</subfield>
   <subfield code="z">Buchnachlass</subfield>
   <subfield code="2">pdager</subfield>
   <subfield code="5">DE-25</subfield>
  </datafield>
  <datafield tag="583" ind1="1" ind2=" ">
   <subfield code="a">Archivierung/Langzeitarchivierung gewährleistet</subfield>
   <subfield code="c">20211220</subfield>
   <subfield code="f">SLG</subfield>
   <subfield code="x">XA-DE-BW</subfield>
   <subfield code="z">Provenienz</subfield>
   <subfield code="2">pdager</subfield>
   <subfield code="5">DE-25</subfield>
  </datafield>
  <datafield tag="583" ind1="1" ind2=" ">
   <subfield code="a">Archivierung prüfen</subfield>
   <subfield code="c">20241027</subfield>
   <subfield code="f">DE-4165</subfield>
   <subfield code="z">1</subfield>
   <subfield code="2">pdager</subfield>
  </datafield>
  <datafield tag="700" ind1="1" ind2=" ">
   <subfield code="a">Fastenrath, Wiebke</subfield>
   <subfield code="e">GeistigeR SchöpferIn</subfield>
   <subfield code="4">cre</subfield>
  </datafield>
  <datafield tag="710" ind1="2" ind2=" ">
   <subfield code="a">Dehio-Vereinigung</subfield>
   <subfield code="0">(DE-588)2074444-4</subfield>
   <subfield code="0">(DE-627)103846220</subfield>
   <subfield code="0">(DE-576)192185829</subfield>
   <subfield code="4">oth</subfield>
  </datafield>
  <datafield tag="773" ind1="1" ind2="8">
   <subfield code="w">(DE-627)1081816058</subfield>
   <subfield code="w">(DE-576)011816058</subfield>
   <subfield code="g">Sachsen, Neubearb.,1</subfield>
   <subfield code="q">sach,neu,1</subfield>
   <subfield code="7">nnam</subfield>
  </datafield>
  <datafield tag="776" ind1="0" ind2="8">
   <subfield code="i">Erscheint auch als</subfield>
   <subfield code="n">Online-Ausgabe</subfield>
   <subfield code="a">Dehio, Georg, 1850 - 1932</subfield>
   <subfield code="t">Dehio - Handbuch der deutschen Kunstdenkmäler</subfield>
   <subfield code="b">Neubearbeitung</subfield>
   <subfield code="d">München : Deutscher Kunstverlag, 1996</subfield>
   <subfield code="h">1 Online-Ressource (XI, 934, 8 Seiten)</subfield>
   <subfield code="w">(DE-627)1887791256</subfield>
   <subfield code="z">9783422801585</subfield>
  </datafield>
  <datafield tag="787" ind1="0" ind2="8">
   <subfield code="i">Rezensiert in</subfield>
   <subfield code="a">Szeiklies-Weber, Ingrid, 1932 - </subfield>
   <subfield code="t">[Rezension von: Georg Dehio, Handbuch der Deutschen Kunstdenkmäler]</subfield>
   <subfield code="d">1999</subfield>
   <subfield code="w">(DE-627)1866176870</subfield>
  </datafield>
  <datafield tag="787" ind1="0" ind2="8">
   <subfield code="i">Rezensiert in</subfield>
   <subfield code="a">Müller, Heinz, 1929 - 2020</subfield>
   <subfield code="t">Handbuch der deutschen Kunstdenkmäler 1 (Sach,neu,1) Regierungsbezirk Dresden</subfield>
   <subfield code="d">1997</subfield>
   <subfield code="w">(DE-627)1352706644</subfield>
   <subfield code="w">(DE-576)28270664X</subfield>
  </datafield>
  <datafield tag="787" ind1="0" ind2="8">
   <subfield code="i">Rezensiert in</subfield>
   <subfield code="a">Quinger, Heinz, 1930 - 2000</subfield>
   <subfield code="t">Handbuch der deutschen Kunstdenkmäler 1 (Sach,neu,1) Regierungsbezirk Dresden</subfield>
   <subfield code="d">1998</subfield>
   <subfield code="w">(DE-627)1352707357</subfield>
   <subfield code="w">(DE-576)282707352</subfield>
  </datafield>
  <datafield tag="787" ind1="0" ind2="8">
   <subfield code="i">Rezensiert in</subfield>
   <subfield code="a">Oettel, Gunter, 1957 - </subfield>
   <subfield code="t">Handbuch der deutschen Kunstdenkmäler 1 (Sach,neu,1) Regierungsbezirk Dresden</subfield>
   <subfield code="d">1999</subfield>
   <subfield code="w">(DE-627)1352709848</subfield>
   <subfield code="w">(DE-576)282709843</subfield>
  </datafield>
  <datafield tag="936" ind1="r" ind2="v">
   <subfield code="a">LK 11240</subfield>
   <subfield code="b">Sachsen</subfield>
   <subfield code="k">Kunstgeschichte</subfield>
   <subfield code="k">Kunst nach Ländern bzw. Kontinenten</subfield>
   <subfield code="k">Deutschland</subfield>
   <subfield code="k">Kunsttopografie Deutschlands</subfield>
   <subfield code="k">Einzelne deutsche Länder</subfield>
   <subfield code="k">Sachsen</subfield>
   <subfield code="0">(DE-627)1270989308</subfield>
   <subfield code="0">(DE-625)rvk/97550:</subfield>
   <subfield code="0">(DE-576)200989308</subfield>
  </datafield>
  <datafield tag="936" ind1="r" ind2="v">
   <subfield code="a">LH 10180</subfield>
   <subfield code="b">Deutschland (in den Grenzen von 1937)</subfield>
   <subfield code="k">Kunstgeschichte</subfield>
   <subfield code="k">Allgemeines. Allgemeine Kunstgeschichte</subfield>
   <subfield code="k">Kunstführer, Kunstreiseführer</subfield>
   <subfield code="k">Europa</subfield>
   <subfield code="k">Einzelne europäische Staaten und Gebiete</subfield>
   <subfield code="k">Deutschland</subfield>
   <subfield code="k">Deutschland (in den Grenzen von 1937)</subfield>
   <subfield code="0">(DE-627)1271071290</subfield>
   <subfield code="0">(DE-625)rvk/92209:</subfield>
   <subfield code="0">(DE-576)201071290</subfield>
  </datafield>
  <datafield tag="936" ind1="r" ind2="v">
   <subfield code="a">LK 11000</subfield>
   <subfield code="b">Gesamtdeutschland (oder einzelne Teile Deutschlands)</subfield>
   <subfield code="k">Kunstgeschichte</subfield>
   <subfield code="k">Kunst nach Ländern bzw. Kontinenten</subfield>
   <subfield code="k">Deutschland</subfield>
   <subfield code="k">Kunsttopografie Deutschlands</subfield>
   <subfield code="k">Gesamtdeutschland (oder einzelne Teile Deutschlands)</subfield>
   <subfield code="0">(DE-627)1270641050</subfield>
   <subfield code="0">(DE-625)rvk/97538:</subfield>
   <subfield code="0">(DE-576)200641050</subfield>
  </datafield>
  <datafield tag="936" ind1="r" ind2="u">
   <subfield code="a">LH 10190</subfield>
   <subfield code="b">Bundesrepublik Deutschland</subfield>
   <subfield code="k">Kunstgeschichte</subfield>
   <subfield code="k">Allgemeines. Allgemeine Kunstgeschichte</subfield>
   <subfield code="k">Kunstführer, Kunstreiseführer</subfield>
   <subfield code="k">Europa insgesamt</subfield>
   <subfield code="k">Einzelne europäische Staaten und Gebiete</subfield>
   <subfield code="k">Deutschland (in den Grenzen von 1937)</subfield>
   <subfield code="k">Bundesrepublik Deutschland</subfield>
   <subfield code="0">(DE-627)1271271281</subfield>
   <subfield code="0">(DE-576)201271281</subfield>
   <subfield code="z">Ungueltig</subfield>
  </datafield>
  <datafield tag="951" ind1=" " ind2=" ">
   <subfield code="a">MV</subfield>
  </datafield>
  <datafield tag="991" ind1=" " ind2=" ">
   <subfield code="a">Rezensiertes Werk</subfield>
  </datafield>
  <datafield tag="999" ind1=" " ind2=" ">
   <subfield code="a">KXP-PPN1124578455</subfield>
   <subfield code="e">4921543135</subfield>
  </datafield>
 </record>
</collection>
